Droga Legii w Europie 2016/17 - Statystyki

Ogólne statystyki
  • Ten quiz został rozwiązany 28 razy
  • Średni wynik to 5 z 7
Statystyki odpowiedzi
wynik etap liga drużyna % Poprawnych
1-5, 3-3 Faza grupowa Liga Mistrzów Real Madryt
100%
0-6, 4-8 Faza grupowa Liga Mistrzów Borussia Dortmund
96%
0-2, 1-0 Faza grupowa Liga Mistrzów Sporting
85%
0-0, 0-1 1/16 finału Liga Europy Ajax Amsterdam
74%
2-0, 1-1 play-off Liga Mistrzów Dundalk
56%
1-0, 0-0 3 runda el. Liga Mistrzów AS Trencin
22%
1-1, 2-0 2 runda el. Liga Mistrzów Zrinjski Mostar
19%
Nie znaleziono quizów pasujących do podanych kryteriów
Rozkład punktacji
Procent ludzi z każdym wynikiem
Percentyl według liczby udzielonych odpowiedzi
Twoja historia wyników
Nie rozwiązałeś tego quizu